[Event "CUB-ch"]
[Site "Holguin"]
[Date "2002.03.31"]
[Round "1"]
[White "Vera Gonzalez Quevedo, Reynaldo"]
[Black "Gongora Reyes, Maikel"]
[Result "1-0"]
[WhiteElo "2534"]
[BlackElo "2408"]
[Annotator "Ribli,Z"]
[PlyCount "53"]
[EventDate "2002.03.31"]
[EventType "tourn"]
[EventRounds "17"]
[EventCountry "CUB"]
[EventCategory "9"]
[SourceTitle "CBM 089"]
[Source "ChessBase"]
[SourceDate "2002.08.12"]
[SourceVersion "1"]
[SourceVersionDate "2002.08.12"]
[SourceQuality "1"]

1. Nf3 Nf6 2. c4 e6 3. d4 d5 4. Nc3 Bb4 {Früher war die Rubinstein-Variante
des Damengambits ein seltener Gast in der Turnierpraxis, heutzutage aber ist
sie populär. Es handelt sich bei dieser Variante eigentlich um eine Mischung
aus Damengambit und der Nimzoindischen Verteidigung. Schwarz kämpft
hauptsächlich um das Feld e4, d.h. in vielen Varianten tauscht er seinen Bb4
gegen den Nc3.} 5. cxd5 {Das ist eine Hauptfortsetzung. Nach 5.Bg5 muss Weiß
mit 5...dxc4 (Wiener Variante) rechnen.} exd5 6. Bg5 h6 (6... Nbd7) 7. Bh4 (7.
Bxf6) 7... g5 {Schwarz schwächt freiwillig seine Königsstellung, verschafft
sich damit aber die Herrschaft über das Feld e4.} 8. Bg3 Ne4 9. Nd2 {Dieses
Bauernopfer ist erzwungen. In der Folge bekommt Weiß Initiative für den Bauern.
} (9. Rc1 $2 {Das wäre ein schlechter Zug, denn Schwarz könnte nun die etwas
sonderbare Stellung des Bg3 ausnutzen.} h5 $17 {[%csl Rg3][%cal Rh5h4]}) 9...
Nxc3 (9... Nxg3 10. hxg3 c5) 10. bxc3 Bxc3 11. Rc1 Bb2 {Das ist die moderne
Fortsetzung. Früher spielte man 11...Ba5. Jetzt kann Weiß nicht 12.Rc2?
spielen (denn nach 12...Bxd4 ist Qa4+ nicht möglich), und nach 12.Rb1 kann
Schwarz ruhig 12...Bxd4 spielen und auf 13.Qa4+ mit 13...Nc6 antworten.} (11...
Ba5 12. h4 g4 13. e3 (13. Qc2 $44) 13... Bf5 (13... c6) 14. Be2 Rg8 15. O-O c6
16. Nb3 $44 {1-0 Naumkin,I-Zemerov,V/Genova 2001/CBM 85 ext (25)}) (11... Bxd2+
$6 12. Qxd2 Nc6 13. h4 $16) 12. Bxc7 $5 (12. Rxc7 Na6 13. Rc2 Bxd4 14. e3 (14.
h4 Bf5 15. Nb3 Bxc2 16. Qxd4 Rg8 {0-1 Yermolinsky,A-Serper,G/Salt Lake City
1999/CBM 73 (29)}) 14... Bg7 15. Bxa6 bxa6 16. O-O Bd7 17. Qf3 Bb5 18. Rd1 O-O
19. Nb3 Rc8 {Ftacnik,L. 1/2-1/2 Epishin,V-Sosonko,G/Ter Apel 1992/CBM 30/
[Ftacnik] (40)}) 12... Qe7 (12... Qd7 13. Rb1 Bc3 14. Bxb8 (14. Bg3 $142 $5 {
Jetzt steht die Qd7 sehr schlecht - nach 13...Bxd4?? kann Weiß 14.e3 und 15.
Bxb8 ziehen, nebst 16.Bb5 mit Gewinn.}) 14... Rxb8 15. e3 O-O 16. h4 g4 17. Rb3
Qc7 18. Be2 Bd7 19. O-O f5 20. Bb5 Be6 {1/2-1/2 Ftacnik,L-Landa,K/Beijing 1996/
CBM 54 ext (20)}) 13. Bd6 (13. Rb1 Bc3 (13... Ba3 14. Bxb8 Rxb8 15. Rb3 O-O 16.
e3 Bd7 17. Bb5 Be6 18. O-O a6 19. Bd3 b5 20. Qh5 Bd6 21. Qxh6 f6 22. Re1 Qg7
23. Qxg7+ Kxg7 24. Rc1 {1-0 Ovsejevitsch,S-Lempert,I/Alushta 1994/CBM 40 (65)})
14. Bxb8 Rxb8 15. Qc2 Bxd2+ 16. Qxd2 Bf5 17. Rb2 O-O 18. e3 Be4 19. f3 Bg6 20.
Bd3 Bxd3 21. Qxd3 Rbc8 22. O-O Rc6 {1/2-1/2 Umanskaya,I-Matveeva,S/Elista 1997/
EXT 98 (25)}) (13. Rc2 Bxd4 14. Bxb8 Rxb8 15. e3 Bf5 $17) 13... Qe6 (13... Qd8
14. Bc7 (14. Rc2 Bxd4 15. Nb3 Bg7 16. Qxd5 $36) 14... Qe7 15. Bd6 Qd8 {1/2-1/2
Mikhalchishin,A-Farago,I/Bled 1998/EXT 2000 (15)}) 14. Rb1 $1 $146 {[%mdl 4]
Dieser Zug stellt die gesamte Variante mit 11...Bb2 in Frage. 14...Bxd4?? wäre
jetzt wegen 15.Bxb8 Rxb8 16.Qa4+ ganz schlecht.} (14. Rc2 Bxd4 15. Ba3 Nc6 16.
e4 Bd7 17. Nb3 Bb6 {0,5/Miralles,G-Sosonko,G/Cannes tt/1990/}) 14... Qxd6 (
14... Bc3 15. Bxb8 Rxb8 16. e3 O-O 17. Be2 $14 {Schwarz besitzt das Läuferpaar,
aber die weiße Bauernstruktur ist viel besser - der Pd5 ist isoliert, und die
schwarzen Bauern am Königsflügel sind geschwächt.}) 15. Rxb2 Nc6 16. e3 $14 {
Weiß hat eine gesunde Stellung ohne Schwächen, Schwarz hingegen hat Probleme
mit seinem Königsflügel.} Bf5 $6 (16... O-O 17. Be2 $14 (17. Bd3 $14)) 17. Be2
(17. Rxb7 $16) 17... O-O 18. h4 $5 {[%mdl 128] Weiß kümmert sich nicht um den
Pb7, sondern spielt gegen die geschwächte schwarze Königsstellung.} (18. Rxb7
$16) 18... Rfe8 {[%cal Ge8e1]} 19. hxg5 (19. Rxb7 Nxd4 20. exd4 Bd3 $132) 19...
hxg5 20. Nf3 $16 {Die weißen Drohungen sind vielseitig - momentan hängen die
Bauern auf b7 und g5.} (20. Rxb7 $2 Nxd4 21. exd4 Bd3 $132) 20... f6 (20... g4
21. Nh4 $16) 21. Bd3 $1 (21. Rxb7) 21... Qd7 (21... Qa3 22. Rb3 Qa5+ 23. Kf1
$16) 22. Qb1 $1 {[%cal Rb1b7,Rb1h7]} Be4 (22... Bxd3 23. Qxd3 $18 {[%csl Rg8]
[%cal Rd3g6,Rg6g8]}) 23. Bxe4 dxe4 (23... Rxe4 24. Rxb7 $18) 24. Rxb7 Qe6 (
24... Rab8 25. Qb3+ (25. Rxb8 Nxb8 26. Nd2 $18) 25... Qe6 26. Rxb8 Nxb8 27. d5
$18) 25. Rh6 $18 {[%csl Gb7,Gh6][%cal Gh6e6,Rf3g5] 25...exf3 geht nicht wegen
26.Qg6+. Es droht 26.Nxg5.} Qd5 (25... Rab8 26. Nxg5 $18) 26. Rxf6 Ne7 27. Rb5
1-0

[Event "St Petersburg-ch"]
[Site "St Petersburg"]
[Date "1997.03.09"]
[Round "5"]
[White "Epishin, Vladimir"]
[Black "Orlov, Vassily"]
[Result "1-0"]
[WhiteElo "2600"]
[BlackElo "2420"]
[Annotator "Ribli,Z"]
[PlyCount "73"]
[EventDate "1997.03.04"]
[EventType "swiss"]
[EventRounds "9"]
[EventCountry "RUS"]
[SourceTitle "CBM 058"]
[Source "ChessBase"]
[SourceDate "1997.06.01"]
[SourceVersion "1"]
[SourceVersionDate "1997.06.01"]
[SourceQuality "1"]

1. d4 d5 2. c4 e6 3. Nf3 Nf6 4. Nc3 Bb4 5. Bg5 Nbd7 6. cxd5 exd5 7. Rc1 {
Statt 7.e3 eine chancenreihe Nebenvariante.Ribli.} h6 8. Bh4 {Das ist der
Epishin selbst 1992 in die Turnierpraxis eingeführte Zug.Ribli.} (8. Bxf6 Qxf6
9. a3 Bxc3+ 10. Rxc3 c6 11. Re3+ Kf8 12. g3 Qd6 13. Bg2 Nf6 14. O-O g6 $13 {
Barsov,A-Brenninkmeijer,J/Nederland tt/1995/}) 8... c5 9. dxc5 Qa5 10. Qd4 $1 (
10. a3 $2 Bxc3+ 11. Rxc3 Ne4) 10... O-O (10... Bxc5 11. Qd2 Bb4 12. a3 Ne4 $2
13. axb4) 11. a3 Bxc5 12. Qd2 Be7 13. e3 Qd8 $146 (13... Nb6 14. Nd4 Ne4 15.
Bxe7 Nxd2 16. Bb4 Qxb4 17. axb4 Nxf1 18. Rxf1 Be6 19. b3 a5 20. bxa5 Rxa5 21.
Kd2 Rfa8 22. Rc2 $14 {Mit klarem und dauerhaftem Vorteil fuer Weiss in der
Partie Epishin,V-Serper,G/Moscow op/1992/ Ribli.}) 14. Bd3 (14. Be2 Nc5 15. Nd4
$14 {Weiss steht immer besser wegen des schwarzen isolierten Bauern auf d5.
Wenn Weiss einen Springer auf d4 in Blockadestellung gebracht hat, ist es
schwer für Schwarz etwas Aktivitaet zu finden.Ribli.}) 14... Nc5 15. Nd4 $1 {
[%cal Gd4b3,Gd4b5,Gd4f5]} Nce4 (15... Nxd3+ 16. Qxd3 $14 {[%csl Rd5] Auch ohne
Läuferpaar ist die Schwäche des Bauern d5 spürbar.Ribli.}) 16. Qc2 Bd7 (16...
Nxc3 17. Qxc3 Bg4 18. O-O Rc8 19. Qb3 Qd7 20. h3 $14) 17. Bxe4 dxe4 $8 (17...
Nxe4 18. Bxe7 Qxe7 19. Nxd5 $16) 18. O-O {[%csl Re4] Schwarz hat einen nur
scheinbar aktiven, in Wirklichkeit aber eher schwachen Bauer auf e4. Weiß kann
mit Hilfe der Springerstellung auf d4 den ungeschützten schwarzen Damenflügel
angreifen.Ribli.} Re8 19. Qb3 (19. Bxf6 $6 Bxf6 20. Nxe4 $2 Bxd4 21. exd4 Bf5 {
[%cal Rf5c2,Gd7d4,Rd8d4]}) 19... b6 (19... Rb8 $2 20. Bg3 $16 {[%cal Rg3b8,
Rb3b7]}) 20. Ncb5 Bc5 (20... Bxb5 21. Qxb5 {[%csl Rc6] Und Schwarz hat nicht
nur eine Schwäche auf e4, sondern auch ein positionelles Loch auf c6.Ribli.})
21. Bg3 Nh5 22. Bc7 Qe7 (22... Qc8 23. Bd6 $16 {[%csl Rc5]}) 23. Qd1 Nf6 24.
Bg3 $1 {[%cal Rb5c7,Rc7a8,Rc7e8]} (24. b4 Bxd4 25. Nxd4 Rac8) 24... Bxd4 25.
Nxd4 Rec8 26. Qe2 {[%csl Ra7][%cal Ye2a6] Weiss hat zwar keinen großen, aber
einen unangenehmen dauerhaften Vorteil. Stünder der schwarze Bauer statt auf
e4 auf e6, wäre die Stellung ungefähr gleich. Ribli.} Rxc1 27. Rxc1 Rc8 28.
Rxc8+ Bxc8 29. Qc4 {[%csl Gc4,Gd4,Gg3] Beide weißen Leichtfiguren und die Dame
kontrollieren alle wichtigen Felder auf dem Brett.Ribli.} Qd7 (29... Bb7 30.
Nf5 Qd7 31. Nd6 Ne8 32. Nxb7 Qxb7 (32... Qd1+ $2 33. Qf1) 33. Be5 $14) 30. b4
a6 31. a4 Bb7 (31... Nd5 32. b5 axb5 33. axb5 f5 34. Be5 $14 {[%csl Rd5][%cal
Rd4f5]}) 32. b5 axb5 33. axb5 Nd5 34. h3 {Weiss folgt einer einfachen
Strategie in dieser Partie: Statt direkte Drohungen aufzustellen, verbessert
er mit kleinen Zuegen seine Stellung und hält den Vorteil fest.Ribli.} Kh7 35.
Nc6 {[%csl Gc6]} f5 36. Be5 {[%cal Re5g7]} Ne7 $4 $138 {Ein sofortiger
Verlustzug in schwerer Stellung.Ribli.} (36... Qe6 37. Bd4 $14) 37. Qf7 $18 {
[%csl Rg7] Und Schwarz gab auf,als droht Matt auf g7.Ribli.} 1-0

[Event "Reggio Emilia 9697 39th"]
[Site "Reggio Emilia"]
[Date "1996.12.29"]
[Round "4"]
[White "Komarov, Dimitri"]
[Black "Tatai, Stefano"]
[Result "1-0"]
[WhiteElo "2595"]
[BlackElo "2375"]
[Annotator "Ribli,Z"]
[PlyCount "75"]
[EventDate "1996.12.26"]
[EventType "tourn"]
[EventRounds "9"]
[EventCountry "ITA"]
[EventCategory "11"]
[SourceTitle "CBM 057"]
[Source "ChessBase"]
[SourceDate "1997.04.01"]
[SourceVersion "1"]
[SourceVersionDate "1997.04.01"]
[SourceQuality "1"]

1. Nf3 Nf6 2. d4 d5 3. c4 e6 4. Nc3 Nbd7 5. Bg5 Bb4 6. cxd5 exd5 7. Qc2 $5 {
[#] Früher war das sofortige 7.e3 die theoretische Hauptvariante. In unserer
Partie spielt Weiß e3 erst im 18.Zug. Diese sogenannte Ragosin-Variante im
Damengambit führt gewöhnlich zu einigen taktischen Verwicklungen, aber die
Theorie schätzt die weißen Chancen als höher ein.Ribli.} c5 8. dxc5 Nxc5 (8...
Qa5 $5 {Nach meiner Meinung bietet der Damezug fuer Schwarz mehr
Ausgleichchancen. In dieser Variante ist ein belebtes schwarzes Figurenspiel
charakteristisch, und Weiß spielt hauptsächlich auf ein Endspiel gegen den
isolierten schwarzen Damenbauern. Ribli.}) 9. a3 Bxc3+ 10. Qxc3 Nce4 11. Bxf6
Qxf6 (11... Nxf6 12. e3 O-O 13. Be2 $14 {Schwarz hat einen schwachenn Pd5,
aber das ist seine einzige Schwäche. Mit gutem Spiel glaube ich, könnte er
seine Stellung halten, aber im modernen Schach ist es nicht üblich, ohne
besondere Gegenchancen sechs Stunden für einen halben Punkt zu sitzen.Ribli.})
12. Qxf6 Nxf6 13. Rc1 $14 {[#] Nach der Eröffnung haben wirsofort eigentlich
eine Endspielstellung. Weiss hat wegen des schwachen Pd5 einekleinen, aber
"ewigen" Vorteil. Ribli.} Bd7 14. Nd4 Ke7 15. f3 (15. e3 Rac8 16. Rxc8 Rxc8 17.
Kd2 Ne4+) 15... Rhc8 16. Rxc8 Rxc8 17. Kd2 h5 {Schwarz läßt nicht zu, daß Weiß
mit späterem g2-g4 am Königsflügel Raum gewinnt. Ribli.} 18. e3 a6 19. Bd3 g6
$5 {Das ist der beste Bauernaufbau in solchen Stellungen. 19...g6 verhindert
auch Nf5 und Bf5. Ribli.} 20. Re1 (20. Rc1 Rxc1 21. Kxc1 $11 {Theoretisch
steht Weiß noch ein wenig besser, aber solche Stellungen sind kaum zu gewinnen,
besonders nicht auf einem Großmeisterturnier. Ribli.}) 20... Rc7 21. b3 {
Der Manöverkampf beginnt. Es ist nicht leicht für Weiß, seine Stellung zu
verbessern. Er bewahrt nur seinen mikroskopischen Vorteil und wartet auf eine
gute Gelegenheit. Ribli.} Rc8 22. Bc2 Kd6 23. b4 Rc7 24. Bb3 Ke7 25. a4 {
Weiß droht später in einigen Varianten a4-a5 zu ziehen, wodurch die schwarzen
Bauern auf a6 und b7 festgelegt werden. Ribli.} Rc8 26. Ne2 {Ich bin sicher,
daß Weiß noch keinen konkreten Plan hat, aber er kann in Zukunft Nf4 oder Nc3
spielen und den Manöverkampf fortführen.Ribli.} a5 $2 {Ein strategischer
Fehler. Schwarz muß ruhig bleiben und warten.Ribli.} (26... Kd6 $5) (26... Be6
27. a5 Rc7 (27... b6 $6 28. axb6 (28. Nd4) 28... Rb8 $11)) 27. bxa5 $1 (27. b5
$2 b6 $11 (27... Kd6)) 27... Ra8 28. Kc3 Rxa5 29. Kb4 {Ohne schwarze Hilfe
wäre es für Weiß unmöglich gewesen, seinen König zu aktivieren. Ribli.} Ra8 (
29... Ra6 30. Nd4 Rb6+ 31. Kc5 {Und Weiß steht sehr aktiv.Ribli.}) 30. Nc3 Bc6
31. Rd1 Rd8 32. h4 {Nach diesem Zug Schwarz hat keinerlei Möglichkeit am
Königsflügel, weil Weiß schon etwas am Damenflügel erreicht hat.Und Weiß hat
noch Reserven am Königsflügel, er droht mit Rd4, nebst g4-g5 gefährliche
Initiative zu entwickeln. Ribli.} b6 33. Rd4 Ke6 $2 (33... Rd7 34. g4 hxg4 35.
fxg4 $16) 34. e4 $16 {Nach diesem Zug droht Weiß mit Übergang in ein
Bauernendspiel, das hoffnungslos für Schwarz wäre.Ribli.} Ke5 35. Ne2 (35. Rd1
d4 36. Ne2 Rd7 37. Bc2 {Das ist auch möglich und droht 38.f4. Ribli.}) 35...
Kd6 36. Bxd5 Bxd5 37. Nc3 Kc7 (37... Ke6 38. Nxd5 Nxd5+ 39. Rxd5 Rxd5 40. exd5+
Kxd5 41. Kb5 $18) 38. exd5 {Schwarz gab auf oder Zeitüberschreitung ? Ich weiß
es nicht, aber er hat eine verlorene Stellung. Die letzte Phase der Partie war
unglücklich für Schwarz. Ribli.} 1-0

[Event "RUS-Cup3"]
[Site "Omsk"]
[Date "1996.??.??"]
[Round "4"]
[White "Sherbakov, Vitaly S"]
[Black "Zemerov, Vladimir"]
[Result "1-0"]
[WhiteElo "2370"]
[BlackElo "2400"]
[Annotator "Ribli,Z"]
[PlyCount "63"]
[EventDate "1996.12.13"]
[EventType "swiss"]
[EventRounds "9"]
[EventCountry "RUS"]
[SourceTitle "CBM 057"]
[Source "ChessBase"]
[SourceDate "1997.04.01"]
[SourceVersion "1"]
[SourceVersionDate "1997.04.01"]
[SourceQuality "1"]

1. d4 Nf6 2. Nf3 d5 3. c4 e6 4. Nc3 Bb4 5. Bg5 c5 6. cxd5 exd5 7. e3 Nbd7 8.
Bb5 {[#] Eine seltene Fortsetzung. Die weiße Strategie ist klar: Er will die
Situation im Zentrum klären.Ribli.} Qa5 (8... Qb6 9. Bxd7+ Nxd7 10. O-O Bxc3
11. bxc3 h6 12. Bh4 Qe6 {Und Schwarz bereitet b6 und Bb7 mit gleichen
Aussichten vor. Ribli.}) 9. Bxd7+ Nxd7 (9... Bxd7 $6 10. Bxf6 $5 (10. O-O Bxc3
11. bxc3 Ne4 12. dxc5) 10... Bxc3+ 11. bxc3 Qxc3+ 12. Nd2 gxf6 13. Rc1 $14 {
Salov,V-Tischbierek,R/Leningrad/1984/}) 10. O-O Bxc3 11. bxc3 c4 {[#] Das ist
eine typische Stellung in der Ragozin-Variante. Schwarz plant ein Spiel am
Damenflügel und ist stark auf den weißen Felden. Weiß spielt auf e3-e4,
natürlich nach Vorbereitung durch f2-f3. Da er einen schwarzfeldrigen Läufer
hat, kommt er lieber über die dunkelen Felder.Ribli.} 12. Qc2 h6 $6 {Dieser
Zug gefällt mir nicht. Wenn Schwarz einmal h6 gespielt hat, kann er, wegen der
vielen Schwächen, nicht später f6 oder g6 spielen. Ribli.} (12... O-O $5) 13.
Bh4 O-O 14. Rfe1 {Nach meiner Meinung ein normaler Zug, aber l4.Rfb1 gefolgt
von a4 gibt Schwarz keine Chancen am Damenflügel, und möglicherweise kommt
Weiß auch mit Rb5 ins Spiel. Ribli.} Nb6 15. Ne5 Re8 (15... f6 $2 16. Ng6 {
Wegen 12...h6 ist diese Antwort möglich.Ribli.}) 16. f3 Na4 17. Rac1 b5 18. e4
$14 {Ich war immer der Meinung, daß Initiative im Zentrum und am Königsflügel
immer gefährlicher ist, als ein Spiel am Damenflügel.Ribli.} Be6 $2 (18... dxe4
19. fxe4) (18... Bb7 $5) 19. Nc6 {Nach diesem einfachen Zug gewinnt Weiß den
Schlüsselbauern auf d5.Ribli.} Qb6 20. exd5 Bd7 (20... Bxd5 21. Ne7+ $16) 21.
Ne7+ Kh8 22. Qd2 b4 $5 {Das ist die einzige Gegenchance ! Vielleicht kann der
Nachziehende mit diesem Zug etwas im "Trüben fischen". Aber objektiv
betrachtet hat er eine schwere Stellung. Ribli.} 23. cxb4 c3 24. Qf4 Rf8 25. a3
{Weiß hat gute Chancen, aber zuerst stabilisiert er seinen Pb4 und beginnt
erst später seine Aktion am Königsflügel. Ribli.} a5 26. bxa5 Rxa5 (26... Qxa5
27. Bf6 gxf6 $2 (27... Qb6 28. Qxh6#) (27... Kh7) 28. Qxh6#) 27. d6 Kh7 28. Bf2
Qb3 29. d5 Qxa3 30. Nc6 Raa8 (30... Bxc6 31. dxc6 $18 {Mit zwei solchen Bauern
steht Weiß auf Gewinn. Ribli.}) 31. Bd4 Qb3 32. Qe5 {Und Schwarz gab auf, weil
nach32...Rg8 33.Ne7 kommt, und nach 32...f6 sind 33.Qe7, oder 33.Qe4
überzeugend. Ribli.} 1-0

[Event "Poikovsky Karpov 04th"]
[Site "Poikovsky"]
[Date "2003.04.23"]
[Round "4"]
[White "Pelletier, Yannick"]
[Black "Vescovi, Giovanni P"]
[Result "0-1"]
[WhiteElo "2623"]
[BlackElo "2615"]
[Annotator "Ribli,Z"]
[PlyCount "86"]
[EventDate "2003.04.20"]
[EventType "tourn"]
[EventRounds "9"]
[EventCountry "RUS"]
[EventCategory "16"]
[SourceTitle "CBM 095"]
[Source "ChessBase"]
[SourceDate "2003.07.25"]
[SourceVersion "1"]
[SourceVersionDate "2003.07.25"]
[SourceQuality "1"]

1. Nf3 Nf6 2. c4 e6 3. Nc3 d5 4. d4 Bb4 {Das ist die Ragozin-Variante des
Damengambits, ein spezieller Hybrid des Damengambits und der Nimzoindischen
Verteidigung. Die gewoehnliche schwarze Strategie in dieser Variante ist der
Kampf um das e4-Feld.} 5. cxd5 exd5 6. Bg5 h6 (6... Nbd7 {Diese Variante wird
oft gespielt.}) 7. Bh4 g5 8. Bg3 Ne4 {Diese Variante ist weniger gespielt.
Schwarz moechte direkt einen Bauern gewinnen.} 9. Nd2 {Dieses (zeitweilige)
Bauernopfer ist die beste Fortsetzung fuer Weiss.} (9. Rc1 $6 h5 $36) 9... Nxc3
10. bxc3 Bxc3 11. Rc1 Ba5 {Das ist die alte Fortsetzung. Aber in Betracht
kommt auch der Zwischenzug 11..Bb2!?.} (11... Bb2 $5) 12. h4 {Fuer den Bauern
Weiss hat Kompensation, weil die schwarze Bauernstruktur am Koenigsfluegel
geschwaecht ist.} (12. e3 c6 13. Bd3 Bc7 (13... h5 14. h4 g4 15. Qc2 Nd7 16.
O-O Bxd2 17. Qxd2 Nb6 18. e4 dxe4 19. Bxe4 Be6 20. Rfe1 {1-0 Notkin,M-Mochalov,
E/Minsk 1998/CBM 64 ext (45)}) (13... Nd7 14. O-O Nf6 15. Be5 O-O 16. Nb3 Bc7
17. f4 g4 18. Qe1 {1-0 Smejkal,J-Kurajica,B/Vrsac 1981/MCD (42)}) 14. Bxc7 Qxc7
15. O-O f5 16. Nf3 Be6 17. Ne5 O-O 18. Qh5 Qg7 19. Rb1 b6 20. f4 {1-0 Tkachiev,
V-Vallin,G/France 2001/EXT 2002 (33)}) 12... Rf8 $5 {[%mdl 4] Schwarz verlasst
die h-Linie mit dem Turm und moechte seinen Koenig entweder in der Mitte
lassen, oder (in einigen Varianten) lange rochieren.} (12... g4 13. e3 (13. Qc2
$5) 13... c6 (13... Bf5 14. Be2 Rg8 15. O-O c6 16. Nb3 Bb6 17. Bd3 Qf6 18. Re1
Be4 19. a4 a5 20. Bxe4 dxe4 21. Nd2 Qe7 22. Rb1 Bd8 23. Nc4 Rg6 24. h5 Re6 25.
d5 {1-0 Naumkin,I-Zemerov,V/Genova 2001/CBM 85 ext (25)}) (13... Nc6 $6 14. Bb5
Bd7 15. Rc5 $1 {1-0 Khalifman,A-Serper,G/St Petersburg 1994/CBM 43 ext/
[Khalifman] (31)}) 14. Be2 Be6 (14... h5 15. O-O Bc7 16. Bxc7 Qxc7 17. e4 $1
Be6 18. exd5 Bxd5 19. Bc4 Qd8 20. Re1+ Kf8 21. Qb3 {1-0 Ovsejevitsch,S-Karmov,
M/Krasnodar 1996/EXT 2000 (27)}) 15. O-O Nd7 (15... h5 $6 16. e4 $1 Bb6 17.
exd5 cxd5 18. Nb3 (18. Bb5+ $5 Kf8 19. Nb3 $44) 18... Nc6 19. Qd2 $44 {1/2-1/2
Gelfand,B-Bareev,E/Polanica Zdroj 1997/CBM 61/[Gelfand] (36)}) 16. Nb3 Bc7 17.
Bxg4 Bxg3 18. Bxe6 Bd6 19. Qh5 Qe7 20. Bxd7+ Qxd7 21. Nc5 Qe7 22. e4 Bxc5 23.
dxc5 O-O-O {1/2-1/2 Tukmakov,V-Inkiov,V/Chania 1992/EXT 2003 (23)}) 13. e3 c6 {
[%cal Ga5c7,Gc7g3] Das ist ein typysches positionelles Motiv - Schwarz moechte
den starken dunkelfarbigen Laufer des Gegners mit 14...Bc7 tauschen.} 14. Bd3
Bc7 15. Bxc7 Qxc7 {Weiss hat Entwicklungsvorteil, aber die schwarze Stellung
ist fest.} 16. Qh5 {[%csl Gh5] Mit diesem Damezug Weiss gewinnt den Bauern
zurueck.} Be6 (16... Qe7 17. Qxh6 gxh4 (17... Qa3 $6 18. Ke2 $36) 18. Qxh4 $14)
17. hxg5 (17. Qxh6 gxh4 18. Qxh4 Nd7 {Auf diese Weise hätten wir eine ähnliche
Stellung wie in der Partie - dort wird die weisse Dame auf g5 stehen.}) 17...
hxg5 18. Qxg5 Nd7 (18... Qe7 $6 19. Qg3 $36) 19. f4 $13 {Weiss strebt nach
Aktivitaet am Koenigsfluegel. Der Zug 20.f5 droht jedoch noch nicht mit
Figurengewinn, weil Schwarz 20...f6 ziehen kann.} (19. Rb1 $14 {[%cal Gb1b7]})
19... f6 (19... Qa5 20. f5 f6 $13) 20. Bg6+ Kd8 (20... Ke7 $13) 21. Qh6 Qd6 {
[%cal Gd8c7]} 22. f5 $6 {Dieser Zug gefaellt mir nicht, weil der g6B
abgeschnitten wird.} Bg8 23. Kf2 Rc8 {[%cal Gc6c5]} (23... Kc7) 24. Qf4 $6 (24.
Qh2 Qxh2 25. Rxh2 Ke7 $11) 24... Kc7 (24... Qxf4+ 25. exf4 Ke7 $11) 25. Rc3 b6
{[%cal Gc6c5] Schwarz moechte seine Bauernmehrheit am Damenfluegel
mobilisieren.} (25... Qxf4+ 26. exf4 b6 $11) 26. Nf3 (26. Qxd6+ Kxd6 $15) 26...
c5 27. Ra3 $2 {[%mdl 16384] Dieser Zug gefaellt mir gar nicht. Der weisse Turm
steht völlig passiv auf der a-Linie.} (27. dxc5 Qxf4 28. exf4 (28. cxb6+ $4 Kb7
$19) 28... Nxc5 $11 (28... bxc5 29. Nd4 $13)) 27... Qxf4 28. exf4 {[%csl Rf4,
Rf5]} a5 (28... Kb7 $13) 29. dxc5 bxc5 $1 {[%csl Gc5,Gd5] Die Aktivitaet ist
wichtiger als ein Bauer.} (29... Nxc5 30. Nd4 $11) 30. Rxa5 d4 $44 {Die
schwarze positionelle Drohung ist 31...Ra8.} 31. Ra7+ Kd6 32. Rb1 (32. Ra6+ Rc6
33. Rxc6+ Kxc6 $15) 32... Ra8 33. Rbb7 (33. Rxa8 Rxa8 $17) 33... Rxa7 34. Rxa7
Rb8 $1 $17 {[%csl Gc5,Gd4,Gd6,Rg6][%cal Rb8b2,Rb2a2,Rb2f2] Schwarz hat einen
Bauern weniger, aber seine verbundene Bauern sind stark im Zentrum und der g6B
steht schrecklich passiv.} 35. Kg3 $2 (35. Nd2 Bd5 36. g4 c4 $17) 35... Bd5 (
35... Rb2 $17) 36. a4 d3 37. Kf2 (37. Nd2 Rb2 $19) 37... Rb2+ 38. Ke3 Bxf3 $1 (
38... Rxg2 $17) 39. Kxf3 (39. gxf3 c4 $19) 39... c4 $19 {[%csl Gc4,Gd3] Die
schwarze Bauern entscheiden die Partie - Weiss spielt eigentlich mit einer
Figur weniger wegen des Bg6.} 40. Ra6+ Kc5 41. Ra7 c3 (41... Nb6 $19) 42. Rc7+
(42. Rxd7 c2 $19) 42... Kb4 43. Rb7+ Ka5 0-1